LEADER 02599nam 2200601 a 450 001 9910830635103321 005 20230721005056.0 010 $a0-470-46413-5 010 $a1-119-20324-4 010 $a1-282-03122-8 010 $a9786612031229 010 $a0-470-46408-9 035 $a(CKB)1000000000719523 035 $a(EBL)427693 035 $a(OCoLC)321089282 035 $a(SSID)ssj0000096535 035 $a(PQKBManifestationID)11114394 035 $a(PQKBTitleCode)TC0000096535 035 $a(PQKBWorkID)10082159 035 $a(PQKB)11065326 035 $a(MiAaPQ)EBC427693 035 $a(EXLCZ)991000000000719523 100 $a20080929d2009 uy 0 101 0 $aeng 135 $aur|n|---||||| 181 $ctxt 182 $cc 183 $acr 200 10$aAccounting control best practices$b[electronic resource] /$fSteven M. Bragg 205 $a2nd ed. 210 $aHoboken, N.J. $cWiley$dc2009 215 $a1 online resource (306 p.) 225 1 $aWiley best practices 300 $aIncludes index. 311 $a0-470-40542-2 327 $aIntroduction -- Controls for accounts payable best practices -- Controls for order entry, credit, and shipment best practices -- Controls for inventory management best practices -- Controls for billing best practices -- Controls for collections -- Controls for cash-handling best practices -- Controls for payroll best practices -- Controls for fixed assets best practices -- Controls for budgeting -- Controls for financial reporting. 330 $a Praise for Accounting Control Best Practices, Second Edition ""A comprehensive, well-organized reference manual that is perfect for managers and auditors of public and private companies. Whether you wish to comply with the rigors of the Sarbanes-Oxley Act or take your company to the next level, Accounting Control Best Practices, Second Edition contains virtually everything you'll need to design, challenge, and improve your company's internal control environment.""-Matthew T. Posta, Esq., CPA ""Steven Bragg continues to improve the accounting field by providing thorough, step-by- 410 0$aWiley best practices. 606 $aAccounting 606 $aControllership 615 0$aAccounting. 615 0$aControllership. 676 $a658.15/1 676 $a658.151 686 $a85.25$2bcl 700 $aBragg$b Steven M$0472801 801 0$bMiAaPQ 801 1$bMiAaPQ 801 2$bMiAaPQ 906 $aBOOK 912 $a9910830635103321 996 $aAccounting control best practices$93941433 997 $aUNINA LEADER 03998nam 22007455 450 001 9910298584403321 005 20200705050804.0 010 $a981-13-0359-2 010 $a978-981-13-0359-3 024 7 $a10.1007/978-981-13-0359-3 035 $a(CKB)4100000004244373 035 $a(DE-He213)978-981-13-0359-3 035 $a(MiAaPQ)EBC5396692 035 $a(PPN)227399366 035 $a(EXLCZ)994100000004244373 100 $a20180515d2018 u| 0 101 0 $aeng 135 $aurnn|008mamaa 181 $ctxt$2rdacontent 182 $cc$2rdamedia 183 $acr$2rdacarrier 200 10$aBionic Functional Structures by Femtosecond Laser Micro/nanofabrication Technologies /$fby Guoqiang Li 205 $a1st ed. 2018. 210 1$aSingapore :$cSpringer Singapore :$cImprint: Springer,$d2018. 215 $a1 online resource (XV, 128 p. 115 illus., 84 illus. in color.) 225 1 $aSpringer Theses, Recognizing Outstanding Ph.D. Research,$x2190-5053 311 $a981-13-0358-4 327 $aIntroduction -- Key technological of bionic structure surfaces induced by femtosecond laser -- Bionic structure induced by femtosecond laser -- PDMS surface wetting based on metal template by femtosecond laser -- Three-dimensional porous metal micro/nano cage structure by femtosecond laser with ethanol assisted -- Superhydrophilic/ underwater superoleophobic microcone arrays by sucrose solution assisted femtosecond laser -- Conclusion and Outlook. 330 $aThis thesis combines advanced femtosecond laser micro/nanofabrication technologies and frontier bionic design principles to prepare diverse biomimetic micro/nanostructures to realize their functions. By studying the formation mechanism of the micro/nanostructures, the author identifies various artificial structural colors, three-dimensional micro/nanocage arrays, and fish-scale inspired microcone arrays in different processing environments. Multiple functions such as enhanced antireflection, hydrophobicity, and underwater superoleophobicity are achieved by precisely adjusting laser-machining parameters. This novel design and method have extensive potential applications in the context of new colorizing technologies, microfluidics, microsensors, and biomedicine. 410 0$aSpringer Theses, Recognizing Outstanding Ph.D. Research,$x2190-5053 606 $aNanotechnology 606 $aNanochemistry 606 $aAtoms 606 $aPhysics 606 $aMaterials?Surfaces 606 $aThin films 606 $aLasers 606 $aPhotonics 606 $aNanotechnology$3https://scigraph.springernature.com/ontologies/product-market-codes/Z14000 606 $aNanochemistry$3https://scigraph.springernature.com/ontologies/product-market-codes/C33000 606 $aAtoms and Molecules in Strong Fields, Laser Matter Interaction$3https://scigraph.springernature.com/ontologies/product-market-codes/P24025 606 $aSurfaces and Interfaces, Thin Films$3https://scigraph.springernature.com/ontologies/product-market-codes/Z19000 606 $aOptics, Lasers, Photonics, Optical Devices$3https://scigraph.springernature.com/ontologies/product-market-codes/P31030 615 0$aNanotechnology. 615 0$aNanochemistry. 615 0$aAtoms. 615 0$aPhysics. 615 0$aMaterials?Surfaces. 615 0$aThin films. 615 0$aLasers. 615 0$aPhotonics. 615 14$aNanotechnology. 615 24$aNanochemistry. 615 24$aAtoms and Molecules in Strong Fields, Laser Matter Interaction. 615 24$aSurfaces and Interfaces, Thin Films. 615 24$aOptics, Lasers, Photonics, Optical Devices. 676 $a541.2 700 $aLi$b Guoqiang$4aut$4http://id.loc.gov/vocabulary/relators/aut$0472016 801 0$bMiAaPQ 801 1$bMiAaPQ 801 2$bMiAaPQ 906 $aBOOK 912 $a9910298584403321 996 $aBionic Functional Structures by Femtosecond Laser Micro$91566598 997 $aUNINA